| 000 | 00718nam a22002057a 4500 | ||
|---|---|---|---|
| 999 |
_c18953 _d18953 |
||
| 003 | AR-CdUCM | ||
| 008 | 190404b ||||| |||| 00| 0 spa d | ||
| 040 |
_aMUNICIPALIDAD PROVINCIAL DEL CUSCO _cBIBLIOTECA MUNICIPAL DEL CUSCO |
||
| 082 |
_a160 / _bM395 |
||
| 100 |
_aMasci, Felipe _939894 |
||
| 245 | _aElementos de filosofía / | ||
| 260 |
_aLima : _bLibrería francesa científica, _c1913. |
||
| 300 |
_a267 páginas ; _c25 cm. |
||
| 505 | _aContenido : Elementos de la definición -- Prueba inductiva y deductiva -- Prueba indirecta... | ||
| 650 |
_aTeoria del metodo _939895 |
||
| 650 |
_aMétodo inventivo _939896 |
||
| 650 |
_aMetodos de ciencias históricas _939897 |
||
| 942 |
_2ddc _cLIBROS |
||
| 945 | _arcc | ||